000 00636cam a2200217 4500500
005 20260405000900.0
041 _afre
042 _adc
100 1 0 _aLegros, Martin
_eauthor
245 0 0 _aÉlisabeth Badinter, Claude Habib. Cherchez la femme !
260 _c2010.
500 _a62
690 _aÉlisabeth Badinter
690 _aEnfant
690 _aExistence
690 _aFemme
690 _aMaternité
690 _aMère
786 0 _nPhilosophie magazine | 37 | 3 | 2010-03-01 | p. 8-10 | 1951-1787
856 4 1 _uhttps://shs.cairn.info/magazine-philosophie-magazine-2010-3-page-8?lang=fr&redirect-ssocas=7080
999 _c2041768
_d2041768